00509 a2200169 450000100060000002000180000604000260002410000180005024000470006824500420011530000100015736200090016765000310017694200070020795201080021499900170032248368 a9788555430978 cAnchieta - Bela Vista aKunnas, Mauri10aAs sete maravilhas do Sr. Sonâmbulolpor10aAs sete maravilhas do Sr. Sonâmbulo a53 p.0 a2017 4aLiteratura infanto-juvenil cBK 00104070a91.4b91.4d2023-11-21l0o028.5 K96a KUN SETp252/BELr2023-11-29 10:49:06w2023-11-21yBK c48368d48368